000 01574nam a2200289 a 4500
001 80895
003 BD-RjUL
005 20221205155559.0
008 221205m18991903ua 000 0 ara d
035 _a(BD-RjUL)80895
040 _aIAA
_beng
_cBD-RjUL
041 _aara
082 _223
_a297.8
_bIBK 1903
100 1 _aIbn Ḥazm, ʻAlī ibn Aḥmad,ابن حزم، علي بن احمد،
_d994-1064
_96154
245 1 0 _aKitab al-fasl fi al-milal wa-al-ahwaʼ wa-al-nihal /كتاب الفصل في الملل والاهواء والنحل /
_cتصنيف ابى محمد على بن حزم الاندلسى الظاهرى، المتوفى سنة 456 هجرية، وبهامشه كتاب الملل والنحل لابي الفتح عبد الكريم الشهرستانى، المتوفى سنة 548هج. li-Abi Muhammad ʻAli Ibn Hazm al-Andalusi al-Zahiri. Wa-bi-hamishihi al-Milal wa-al-nihal / li-Abi al-Fath Muḣammad ibn ʻAbd al-Karim al-Shahrastani ; tarjamat Ibn Hazm mulkhasah min Ibn Khallikan.
246 3 1 _aHistory of religion (456 - A.D. 1064)
_bالملل والنحل
246 3 3 _aكتاب الفصل في الملل والأهواء والنحل
260 _alebanon :
_bMaktab i Khiat ,
_c1899-1903.
300 _a5 volumes in 1 (224, 193, 264, 227, 144 pages) ;
_c30 cm.
490 _aروائع التراث العربي
505 _aVol.1-5
650 _aIslamic sects
_95581
650 _aIslam
_vDoctrines
_9739
650 _aIslam
_vApologetic works
_94409
830 _aروائع التراث العربي
_91457
942 _2ddc
_cBK
999 _c80895
_d80895